Direction of Trade Australia 1986
Gespeichert in:
| Format: | Buch |
|---|---|
| Sprache: | Englisch |
| Veröffentlicht: |
Camberra
Central Statistics Section Department of Trade
1987
|
| Tags: |
Keine Tags, Fügen Sie das erste Tag hinzu!
|
MARC
| LEADER | 00000nam a2200000 4500 | ||
|---|---|---|---|
| 001 | c024341 | ||
| 005 | 20250617123843.6 | ||
| 041 | 0 | |a eng | |
| 044 | |a AU | ||
| 245 | 1 | 0 | |a Direction of Trade Australia 1986 |
| 264 | 1 | |a Camberra |b Central Statistics Section Department of Trade |c 1987 | |
| 300 | |a 16 s. | ||